00595cam a22001574a 4500020001800000040001800018082001600036100002200052245013800074260003400212300003500246440003400281504006600315650002500381650003100406 a9780387952321 aDLCcDLCdDLC00a519.5362211 aHarrell, Frank E.10aRegression modeling strategies : with applications to linear models logistic regression and survival analysis cFrank E. Harrell, Jr. aNew York :bSpringer,cc2001. axxii, 568 p. :bill. ;c25 cm. 0aSpringer series in statistics aIncludes bibliographical references (p. [527]-558) and index. 0aRegression analysis. 0aLinear models (Statistics)